Best Electoral College Hauls - Statistics

General Stats
  • This quiz has been taken 40 times
  • The average score is 20 of 31
Answer Stats
Delegates Answer % Correct
1,040 Richard Nixon
100%
1,014 Ronald Reagan
100%
1,876 Franklin Roosevelt
94%
538 Donald Trump
91%
594 George H. W. Bush
91%
557 George W. Bush
91%
697 Barack Obama
88%
749 Bill Clinton
88%
232 Hillary Clinton
88%
306 Joe Biden
85%
303 John F. Kennedy
85%
346 Jimmy Carter
82%
899 Dwight Eisenhower
79%
303 Harry Truman
79%
486 Lyndon Johnson
79%
266 Al Gore
67%
240 Gerald Ford
64%
59 Herbert Hoover
58%
173 John McCain
58%
206 Mitt Romney
55%
159 Bob Dole
48%
251 John Kerry
48%
111 Michael Dukakis
48%
13 Walter Mondale
45%
162 Adlai Stevenson
39%
52 Barry Goldwater
39%
288 Thomas Dewey
36%
17 George McGovern
33%
191 Hubert Humphrey
33%
8 Alf Landon
30%
82 Wendell Wilkie
27%
No matching quizzes found
Score Distribution
Percent of People with Each Score
Percentile by Number Answered
Your Score History
You have not taken this quiz